[Event "MVP-ch Seniors op 15th"]
[Site "Binz"]
[Date "2015.12.01"]
[Round "8.27"]
[White "Walther, Reinhard"]
[Black "Wicklund Hansen, Richard"]
[Result "1-0"]
[WhiteElo "1943"]
[BlackElo "1783"]
[PlyCount "117"]
[EventDate "2015.11.24"]
[EventType "swiss"]
[EventRounds "9"]
[EventCountry "GER"]
[SourceTitle "EXT 2017"]
[Source "ChessBase"]
[SourceDate "2016.10.25"]
[SourceVersion "1"]
[SourceVersionDate "2016.10.25"]
[SourceQuality "1"]

1. d4 d5 2. c4 c6 3. Nc3 Nf6 4. Nf3 Bf5 5. e3 e6 6. cxd5 exd5 7. Be2 Nbd7 8. Nh4 Be6 9. f4 Ne4 10. g3 Ndf6 11. 0-0 Be7 12. Ng2 Qd7 13. Nxe4 Nxe4 14. g4 Qd6 15. a3 0-0 16. Bd2 Nxd2 17. Qxd2 g6 18. Rac1 Rfe8 19. Rc3 Qd7 20. h3 f5 21. g5 Kg7 22. Ne1 Rh8 23. Rf2 h6 24. gxh6+ Rxh6 25. Bf1 Bh4 26. Rf3 Bxe1 27. Qxe1 Qe7 28. Rc2 Kf7 29. Rg2 Rg8 30. Rfg3 Rgh8 31. Rh2 Bd7 32. Qd2 Rg8 33. Qg2 Qe4 34. Qd2 Qe7 35. Rhg2 Qh4 36. Kh2 Qe7 37. Rg1 b6 38. Bg2 Be6 39. Bf3 Rh7 40. Rg5 Rhg7 41. Rc1 Bd7 42. Re1 Rh7 43. Qf2 Rgh8 44. Bg2 Rh5 45. Rg3 Qh4 46. Bf3 R5h6 47. Reg1 Qe7 48. Qg2 Qh4 49. Be2 Qf6 50. Bf1 Qe6 51. Qe2 Bc8 52. Qc2 Bb7 53. Bd3 R8h7 54. Qa4 Rxh3+ 55. Rxh3 Rxh3+ 56. Kxh3 Qxe3+ 57. Rg3 Qxf4 58. Qc2 Bc8 59. Kg2 1-0

[Event "MVP-ch Seniors op 15th"]
[Site "Binz"]
[Date "2015.11.30"]
[Round "7.48"]
[White "Wicklund Hansen, Richard"]
[Black "Brandt, Juergen"]
[Result "1-0"]
[WhiteElo "1783"]
[BlackElo "1601"]
[PlyCount "85"]
[EventDate "2015.11.24"]
[EventType "swiss"]
[EventRounds "9"]
[EventCountry "GER"]
[SourceTitle "EXT 2017"]
[Source "ChessBase"]
[SourceDate "2016.10.25"]
[SourceVersion "1"]
[SourceVersionDate "2016.10.25"]
[SourceQuality "1"]

1. e4 d5 2. exd5 Nf6 3. d4 Nxd5 4. Nf3 g6 5. Bc4 Bg7 6. c3 0-0 7. Bg5 Be6 8. 0-0 Nxc3 9. Nxc3 Bxc4 10. Re1 Re8 11. Rc1 Nc6 12. b3 Bd5 13. Nxd5 Qxd5 14. Rc5 Qd6 15. Qc1 Bxd4 16. Nxd4 Qxd4 17. Rd1 Qg4 18. h3 Qb4 19. Bd2 Qh4 20. Rc4 Qh5 21. Rc5 e5 22. Kh2 Nd4 23. Rxc7 Rad8 24. Bg5 Nf3+ 25. gxf3 Rxd1 26. Qxd1 Qxg5 27. Qd7 Rf8 28. Rxb7 Qf6 29. Qd5 Rd8 30. Rxf7 Rxd5 31. Rxf6 Rd2 32. Ra6 Rd7 33. Kg3 Kf7 34. a4 Kg7 35. Re6 Rd3 36. Rxe5 Rxb3 37. Re7+ Kh6 38. Rxa7 Rb4 39. a5 Ra4 40. a6 g5 41. Ra8 Kg6 42. a7 h5 43. Rg8+ 1-0

[Event "MVP-ch Seniors op 15th"]
[Site "Binz"]
[Date "2015.11.27"]
[Round "4.24"]
[White "Graubaum, Hans Joachim"]
[Black "Wicklund Hansen, Richard"]
[Result "1-0"]
[WhiteElo "1941"]
[BlackElo "1783"]
[PlyCount "31"]
[EventDate "2015.11.24"]
[EventType "swiss"]
[EventRounds "9"]
[EventCountry "GER"]
[SourceTitle "EXT 2017"]
[Source "ChessBase"]
[SourceDate "2016.10.25"]
[SourceVersion "1"]
[SourceVersionDate "2016.10.25"]
[SourceQuality "1"]

1. e4 e5 2. Nf3 Nf6 3. d4 Nxe4 4. Bd3 d5 5. dxe5 Nc5 6. Be2 Be7 7. Nc3 c6 8. 0-0 Bf5 9. Nd4 Bg6 10. f4 Be4 11. Be3 0-0 12. a3 f5 13. b4 Qe8 14. bxc5 Nd7 15. Nxe4 dxe4 16. Ne6 1-0

[Event "MVP-ch Seniors op 15th"]
[Site "Binz"]
[Date "2015.11.26"]
[Round "3.51"]
[White "Wicklund Hansen, Richard"]
[Black "Krueger, Bernhard"]
[Result "1-0"]
[WhiteElo "1783"]
[BlackElo "1568"]
[PlyCount "85"]
[EventDate "2015.11.24"]
[EventType "swiss"]
[EventRounds "9"]
[EventCountry "GER"]
[SourceTitle "EXT 2017"]
[Source "ChessBase"]
[SourceDate "2016.10.25"]
[SourceVersion "1"]
[SourceVersionDate "2016.10.25"]
[SourceQuality "1"]

1. e4 d5 2. exd5 Qxd5 3. Nc3 Qd6 4. d4 a6 5. Nf3 Nf6 6. g3 c6 7. Bg2 Bg4 8. h3 Bxf3 9. Bxf3 Nbd7 10. 0-0 Nb6 11. Bg2 Rd8 12. Ne2 g6 13. Bf4 Qd7 14. Qd3 Bg7 15. c4 0-0 16. Qb3 Nc8 17. Rad1 e6 18. Rd3 Nh5 19. Rfd1 Nxf4 20. Nxf4 Bh6 21. d5 exd5 22. cxd5 Bxf4 23. dxc6 Qc7 24. Rd7 Rxd7 25. Rxd7 Qb6 26. Qxb6 Nxb6 27. Rxb7 Rb8 28. gxf4 Rxb7 29. cxb7 Nd7 30. b4 Kf8 31. Bf1 Nb8 32. a4 Ke7 33. a5 Kd8 34. b5 axb5 35. Bxb5 Kc7 36. a6 Kb6 37. Bc4 f6 38. Kf1 Ka7 39. Ke2 Nc6 40. Ke3 Ne7 41. Kd4 g5 42. Kc5 Nf5 43. Kc6 1-0

[Event "Oslo op-B"]
[Site "Oslo"]
[Date "2014.09.28"]
[Round "2"]
[White "Trana, Arne Oddvar"]
[Black "Wicklund Hansen, Richard"]
[Result "1/2-1/2"]
[WhiteElo "1358"]
[BlackElo "1815"]
[PlyCount "72"]
[EventDate "2014.09.28"]
[EventType "swiss"]
[EventRounds "9"]
[EventCountry "NOR"]
[SourceTitle "EXT 2017"]
[Source "ChessBase"]
[SourceDate "2016.10.25"]
[SourceVersion "1"]
[SourceVersionDate "2016.10.25"]
[SourceQuality "1"]

1. c4 Nf6 2. d4 d5 3. cxd5 Nxd5 4. Nf3 g6 5. e4 Nf6 6. Nc3 Bg7 7. Bc4 c6 8. 0-0 0-0 9. a4 Bg4 10. Be3 e6 11. h3 Bxf3 12. Qxf3 Nbd7 13. Rfd1 Qe7 14. Qe2 Rfd8 15. Rac1 Ne8 16. d5 exd5 17. exd5 c5 18. Qd2 Nd6 19. Bf1 b6 20. Re1 Qf8 21. Bf4 Nf5 22. Nb5 a6 23. Nc3 Nd4 24. Bc4 b5 25. axb5 Nb6 26. Qd3 axb5 27. Nxb5 Nxb5 28. Bxb5 Nxd5 29. Bg5 Nb4 30. Qf3 Rd5 31. Be7 Qb8 32. Bc4 Rf5 33. Qb3 Nc6 34. Qxb8+ Rxb8 35. b3 Bd4 36. Bh4 Ne5 1/2-1/2

[Event "MVP-ch Seniors op 13th"]
[Site "Binz"]
[Date "2013.11.29"]
[Round "3"]
[White "Jung, Michael"]
[Black "Wicklund Hansen, Richard"]
[Result "0-1"]
[WhiteElo "1634"]
[BlackElo "1818"]
[PlyCount "78"]
[EventDate "2013.11.27"]
[EventType "swiss"]
[EventRounds "9"]
[EventCountry "GER"]
[SourceTitle "EXT 2015"]
[Source "ChessBase"]
[SourceDate "2014.11.20"]
[SourceVersion "1"]
[SourceVersionDate "2014.11.20"]
[SourceQuality "1"]

1. c4 g6 2. Nc3 Bg7 3. g3 d6 4. Bg2 a6 5. e4 Nc6 6. Nge2 Nf6 7. h3 0-0 8. 0-0 Be6 9. d3 Qd7 10. Kh2 h5 11. Nf4 Nd4 12. Be3 Nh7 13. Rc1 Qc8 14. Nfd5 Qd8 15. Qd2 Bd7 16. Ne2 Nxe2 17. Qxe2 c6 18. Nc3 c5 19. Qd2 Re8 20. d4 cxd4 21. Bxd4 Nf6 22. e5 dxe5 23. Bxe5 Ng4+ 24. hxg4 Bxe5 25. gxh5 Bf5 26. hxg6 Bxg6 27. Qxd8 Raxd8 28. Bxb7 Rd2 29. Kg1 Rxb2 30. Bxa6 Kg7 31. Bb5 Rb8 32. Bc6 Rc8 33. Bb5 Bd4 34. Nd1 Rxa2 35. Ne3 Rh8 36. Bc6 Rb8 37. Bb5 Be4 38. Rfe1 Rh8 39. Ng2 Bxf2+ 0-1

[Event "EU-chT Seniors 15th"]
[Site "Dresden"]
[Date "2013.07.22"]
[Round "3"]
[White "Wicklund Hansen, Richard"]
[Black "Schuetze, Hasso"]
[Result "0-1"]
[WhiteElo "1864"]
[BlackElo "2070"]
[PlyCount "90"]
[EventDate "2013.07.20"]
[EventType "team-swiss"]
[EventRounds "9"]
[EventCountry "GER"]
[SourceTitle "CBM 155 Extra"]
[Source "ChessBase"]
[SourceDate "2013.08.26"]
[SourceVersion "1"]
[SourceVersionDate "2013.08.26"]
[SourceQuality "1"]
[WhiteTeam "Norway III"]
[BlackTeam "Denmark II"]
[WhiteTeamCountry "NOR"]
[BlackTeamCountry "DEN"]

1. e4 c5 2. d3 Nc6 3. Nf3 e6 4. g3 Be7 5. Bg2 h5 6. h4 d6 7. Bg5 Nf6 8. Nbd2 Rb8 9. a4 a6 10. 0-0 Ng4 11. Bxe7 Qxe7 12. Nc4 b5 13. axb5 axb5 14. Na5 Bd7 15. d4 0-0 16. dxc5 dxc5 17. Qd2 f6 18. Rfd1 Rfd8 19. Qd6 Qxd6 20. Rxd6 Nxa5 21. Rxa5 Kf8 22. Rd1 Bc6 23. Re1 Ra8 24. Rxa8 Rxa8 25. e5 Ke7 26. exf6+ gxf6 27. b4 Ra3 28. Nh2 Bxg2 29. Kxg2 Nxh2 30. Kxh2 cxb4 31. Rb1 Ra4 32. Rb3 Kd6 33. f3 Ra2 34. Rxb4 Rxc2+ 35. Kh3 Kc5 36. Re4 e5 37. g4 Rc3 38. g5 Kd5 39. Kg2 Rc6 40. gxf6 Rxf6 41. Re1 b4 42. Rd1+ Kc4 43. Rd8 Rb6 44. Kf2 b3 45. Rc8+ Kb4 0-1

[Event "EU-chT Seniors 15th"]
[Site "Dresden"]
[Date "2013.07.21"]
[Round "2"]
[White "Kirmas, Joachim"]
[Black "Wicklund Hansen, Richard"]
[Result "1-0"]
[WhiteElo "2050"]
[BlackElo "1864"]
[PlyCount "75"]
[EventDate "2013.07.20"]
[EventType "team-swiss"]
[EventRounds "9"]
[EventCountry "GER"]
[SourceTitle "CBM 155 Extra"]
[Source "ChessBase"]
[SourceDate "2013.08.26"]
[SourceVersion "1"]
[SourceVersionDate "2013.08.26"]
[SourceQuality "1"]
[WhiteTeam "Halle Saale Schachbund"]
[BlackTeam "Norway III"]
[WhiteTeamCountry "GER"]
[BlackTeamCountry "NOR"]

1. e4 g6 2. d4 Bg7 3. Nc3 d6 4. Be2 Nf6 5. h4 h5 6. Bg5 Nbd7 7. Qd2 a6 8. 0-0-0 b5 9. e5 b4 10. exf6 bxc3 11. Qxc3 Nxf6 12. Nf3 0-0 13. Rhe1 Rb8 14. Bc4 Bf5 15. Qe3 e6 16. Bxa6 Qd7 17. Bc4 Qc6 18. Bb3 Nd5 19. Qd2 Rxb3 20. axb3 Qa6 21. Qe2 Qa1+ 22. Kd2 Qxb2 23. Rc1 Bxd4 24. Qc4 Bc3+ 25. Ke2 Bxe1 26. Nxe1 Qc3 27. Qa4 Qe5+ 28. Kf1 Qh2 29. Qd4 f6 30. Bh6 Rf7 31. c4 c5 32. Qd2 Qxh4 33. cxd5 g5 34. dxe6 Bxe6 35. Nf3 Qh1+ 36. Ng1 Qh2 37. Qd3 Rb7 38. Qg6+ 1-0

[Event "MVP-ch Seniors op 12th"]
[Site "Binz"]
[Date "2012.12.06"]
[Round "9"]
[White "Fritsch, Juergen"]
[Black "Wicklund Hansen, Richard"]
[Result "1-0"]
[WhiteElo "1778"]
[BlackElo "1621"]
[PlyCount "102"]
[EventDate "2012.11.28"]
[EventType "swiss"]
[EventRounds "9"]
[EventCountry "GER"]
[SourceTitle "EXT 2014"]
[Source "ChessBase"]
[SourceDate "2013.11.20"]
[SourceVersion "1"]
[SourceVersionDate "2013.11.20"]
[SourceQuality "1"]

1. d4 g6 2. Bf4 Bg7 3. Nf3 d6 4. c3 Nf6 5. e3 Nbd7 6. Bb5 0-0 7. 0-0 b6 8. Nbd2 Bb7 9. Qc2 c5 10. Rac1 cxd4 11. exd4 Rc8 12. Qd3 Nd5 13. Bg3 Nc7 14. Bc4 d5 15. Bxc7 Rxc7 16. Bb5 Nb8 17. Rce1 a6 18. Ba4 b5 19. Bd1 Nc6 20. Nb3 Qd6 21. Qd2 Bc8 22. h3 e6 23. Nc5 e5 24. b4 e4 25. Nh2 f5 26. f4 Re8 27. a4 Rce7 28. Re3 Bh6 29. g3 Bg7 30. a5 Nxb4 31. cxb4 Qf6 32. Nb3 g5 33. Bh5 Rd8 34. Qe2 Bh6 35. Qf2 Rg7 36. Kh1 gxf4 37. gxf4 Qd6 38. Nc5 Qf6 39. Rg3 Kh8 40. Rxg7 Bxg7 41. Rd1 Qh6 42. Bf7 Rd6 43. Qg3 Qf6 44. Bh5 Qe7 45. Nf1 Rh6 46. Be2 Rg6 47. Qf2 Bf6 48. Ne3 Bh4 49. Qf1 Qf7 50. Bh5 Rg1+ 51. Kxg1 Qxh5 1-0

[Event "MVP-ch Seniors op 12th"]
[Site "Binz"]
[Date "2012.11.30"]
[Round "3"]
[White "Wicklund Hansen, Richard"]
[Black "Just, Fred"]
[Result "0-1"]
[WhiteElo "1621"]
[BlackElo "2015"]
[PlyCount "64"]
[EventDate "2012.11.28"]
[EventType "swiss"]
[EventRounds "9"]
[EventCountry "GER"]
[SourceTitle "EXT 2014"]
[Source "ChessBase"]
[SourceDate "2013.11.20"]
[SourceVersion "1"]
[SourceVersionDate "2013.11.20"]
[SourceQuality "1"]

1. Nf3 d5 2. g3 Nf6 3. Bg2 e6 4. c4 Be7 5. 0-0 0-0 6. cxd5 exd5 7. d4 c6 8. Nc3 Nbd7 9. Re1 Re8 10. a3 Nb6 11. h3 Bf5 12. Kh2 Ne4 13. Nxe4 Bxe4 14. Nd2 Bxg2 15. Kxg2 Bf6 16. Nf3 Nc4 17. Qd3 Qe7 18. Rb1 Nd6 19. Bf4 Ne4 20. Be5 Qe6 21. Bxf6 Qxf6 22. e3 Qf5 23. Re2 Nxg3 24. Qxf5 Nxf5 25. b4 a6 26. Rc2 Nd6 27. Ne5 Rad8 28. Nd3 Rd7 29. Nc5 Rde7 30. a4 f5 31. Nd3 Nc4 32. Rb3 Rxe3 0-1

[Event "SH-ch Seniors op"]
[Site "Eckernfoerde"]
[Date "2012.10.01"]
[Round "3.27"]
[White "Wicklund Hansen, Richard"]
[Black "Aufmwasser, Guenter"]
[Result "1/2-1/2"]
[WhiteElo "1847"]
[BlackElo "1763"]
[PlyCount "72"]
[EventDate "2012.09.29"]
[EventType "swiss"]
[EventRounds "7"]
[EventCountry "GER"]
[SourceTitle "EXT 2022"]
[Source "ChessBase"]
[SourceDate "2021.10.06"]
[SourceVersion "1"]
[SourceVersionDate "2021.10.06"]
[SourceQuality "1"]

1. e4 e5 2. Nf3 d6 3. d4 Bg4 4. dxe5 Nd7 5. exd6 Bxd6 6. Nbd2 Ngf6 7. h3 Bh5 8. Be2 Qe7 9. Bd3 Ne5 10. 0-0 0-0 11. Re1 Rad8 12. Be2 Bc5 13. Nxe5 Bxf2+ 14. Kxf2 Nxe4+ 15. Nxe4 Rxd1 16. Bxd1 Qxe5 17. Bxh5 Qxh5 18. Nc3 Qh4+ 19. Kf1 Qc4+ 20. Kg1 f5 21. Bg5 h6 22. Be7 Re8 23. Ba3 Rxe1+ 24. Rxe1 b5 25. Re8+ Kh7 26. Rb8 a6 27. Be7 Qf4 28. Bc5 Qc1+ 29. Kh2 Qxc2 30. Ba3 c5 31. Bxc5 Qxb2 32. Bd4 Qd2 33. Rd8 Qf4+ 34. Kh1 Qc1+ 35. Kh2 Qf4+ 36. Kh1 Qf1+ 1/2-1/2

[Event "EU-ch Seniors 12th"]
[Site "Kaunas"]
[Date "2012.08.26"]
[Round "9"]
[White "Auvinen, Esa"]
[Black "Wicklund Hansen, Richard"]
[Result "1-0"]
[WhiteElo "1958"]
[BlackElo "1847"]
[PlyCount "59"]
[EventDate "2012.08.18"]
[EventType "swiss"]
[EventRounds "9"]
[EventCountry "LTU"]
[SourceTitle "CBM 150 Extra"]
[Source "ChessBase"]
[SourceDate "2012.10.19"]
[SourceVersion "1"]
[SourceVersionDate "2012.10.19"]
[SourceQuality "1"]

1. e4 g6 2. d4 Bg7 3. Nf3 d6 4. Bc4 Nf6 5. Qe2 0-0 6. 0-0 h6 7. Nc3 a6 8. a4 e6 9. Rd1 Re8 10. Bf4 d5 11. Bb3 dxe4 12. Nxe4 Nbd7 13. Nxf6+ Nxf6 14. c3 b6 15. a5 b5 16. Ne5 Bb7 17. Nd3 Bd5 18. Bxd5 Nxd5 19. Be5 Qe7 20. Re1 Nf6 21. h3 Nd7 22. Bxc7 Rac8 23. Bg3 Qd8 24. Nb4 Ra8 25. Qe4 Bf8 26. Nc6 Qc8 27. Ne5 Nxe5 28. Bxe5 b4 29. Qf4 bxc3 30. Qf6 1-0

[Event "EU-ch Seniors 12th"]
[Site "Kaunas"]
[Date "2012.08.25"]
[Round "8"]
[White "Wicklund Hansen, Richard"]
[Black "Zhelesny, Stanislav"]
[Result "0-1"]
[WhiteElo "1847"]
[BlackElo "2149"]
[PlyCount "40"]
[EventDate "2012.08.18"]
[EventType "swiss"]
[EventRounds "9"]
[EventCountry "LTU"]
[SourceTitle "CBM 150 Extra"]
[Source "ChessBase"]
[SourceDate "2012.10.19"]
[SourceVersion "1"]
[SourceVersionDate "2012.10.19"]
[SourceQuality "1"]

1. e4 c6 2. d3 g6 3. Nf3 Bg7 4. c3 d5 5. Nbd2 e5 6. Qa4 Ne7 7. exd5 Nxd5 8. Be2 Nf4 9. Qc2 Nxg2+ 10. Kf1 Nf4 11. Nc4 Bh3+ 12. Ke1 Qe7 13. Be3 Nd7 14. Bf1 Bf5 15. Bxf4 exf4+ 16. Qe2 Be6 17. d4 0-0 18. h4 Rfe8 19. Nce5 Bd5 20. Rh3 f6 0-1

[Event "EU-ch Seniors 12th"]
[Site "Kaunas"]
[Date "2012.08.24"]
[Round "7"]
[White "Andersson, Finn"]
[Black "Wicklund Hansen, Richard"]
[Result "0-1"]
[WhiteElo "1995"]
[BlackElo "1847"]
[PlyCount "82"]
[EventDate "2012.08.18"]
[EventType "swiss"]
[EventRounds "9"]
[EventCountry "LTU"]
[SourceTitle "CBM 150 Extra"]
[Source "ChessBase"]
[SourceDate "2012.10.19"]
[SourceVersion "1"]
[SourceVersionDate "2012.10.19"]
[SourceQuality "1"]

1. e4 g6 2. d4 Bg7 3. Nf3 d6 4. Be2 Nf6 5. Nc3 a6 6. a4 0-0 7. 0-0 b6 8. Re1 Bb7 9. e5 dxe5 10. Nxe5 e6 11. Bg5 h6 12. Bh4 Qc8 13. Bf3 Nfd7 14. Bxb7 Qxb7 15. Nxg6 fxg6 16. Rxe6 Nf6 17. Qd3 Kh7 18. Rae1 Nbd7 19. R1e3 Rf7 20. Rg3 Nf8 21. Bxf6 Bxf6 22. d5 Re7 23. Rxe7+ Bxe7 24. Qf3 Kg7 25. Qf4 Bg5 26. Qe5+ Bf6 27. Qe4 Qc8 28. Qc4 Qd7 29. Qd3 Re8 30. Ne4 Bxb2 31. Re3 Qxa4 32. g3 Qd4 33. Qe2 Qxd5 34. c4 Qd4 35. Qf3 Rd8 36. Kg2 Ne6 37. h4 Qd1 38. Re2 Rf8 39. Qg4 Nd4 40. Qd7+ Rf7 41. Qe8 Nxe2 0-1

[Event "NOR-chT Clubs"]
[Site "Fagernes"]
[Date "2012.06.09"]
[Round "2"]
[White "Wicklund Hansen, Richard"]
[Black "Aubert, Carsten"]
[Result "0-1"]
[WhiteElo "1850"]
[BlackElo "2063"]
[PlyCount "56"]
[EventDate "2012.06.08"]
[EventType "team-swiss"]
[EventRounds "6"]
[EventCountry "NOR"]
[SourceTitle "CBM 148 Extra"]
[Source "ChessBase"]
[SourceDate "2012.06.22"]
[SourceVersion "1"]
[SourceVersionDate "2012.06.22"]
[SourceQuality "1"]
[WhiteTeam "OSS"]
[BlackTeam "Nordstrand"]
[WhiteTeamCountry "NOR"]
[BlackTeamCountry "NOR"]

1. e4 e5 2. Nf3 Nc6 3. d4 exd4 4. Nxd4 Nf6 5. Nxc6 bxc6 6. e5 Qe7 7. Qe2 Nd5 8. c4 Nb6 9. b3 Qe6 10. Bb2 a5 11. a4 Bb4+ 12. Bc3 Bxc3+ 13. Nxc3 0-0 14. Qe4 d5 15. exd6 Qxe4+ 16. Nxe4 Re8 17. Bd3 f5 18. f3 cxd6 19. 0-0-0 fxe4 20. Bxe4 d5 21. cxd5 cxd5 22. Rxd5 Nxd5 23. Bxd5+ Be6 24. Bxa8 Rxa8 25. Kb2 Rb8 26. Re1 Bxb3 27. Re5 Bxa4+ 28. Ka3 Bb5 0-1

[Event "Bad Wiessee Seniors op"]
[Site "Bad Wiessee"]
[Date "2012.04.29"]
[Round "9"]
[White "Achen, Denis"]
[Black "Wicklund Hansen, Richard"]
[Result "0-1"]
[WhiteElo "1545"]
[BlackElo "1764"]
[PlyCount "98"]
[EventDate "2012.04.21"]
[EventType "swiss"]
[EventRounds "9"]
[EventCountry "GER"]
[SourceTitle "EXT 2015"]
[Source "ChessBase"]
[SourceDate "2014.11.20"]
[SourceVersion "1"]
[SourceVersionDate "2014.11.20"]
[SourceQuality "1"]

1. d4 d5 2. Nf3 Nf6 3. Bf4 e6 4. e3 c5 5. c3 Nc6 6. Bd3 cxd4 7. exd4 Bd6 8. Bxd6 Qxd6 9. 0-0 0-0 10. Nbd2 h6 11. Re1 a5 12. a4 b6 13. Qe2 Bb7 14. g3 Rfe8 15. Ne5 Rad8 16. f4 Re7 17. Qf3 Nd7 18. Re2 Qc7 19. Rae1 Nf8 20. g4 Nxe5 21. fxe5 Bc6 22. b3 Rc8 23. Re3 Qd7 24. Qe2 Ng6 25. Rf1 Bb7 26. Qf2 Rxc3 27. Bxg6 Rxe3 28. Bxf7+ Rxf7 29. Qxe3 Rxf1+ 30. Nxf1 Qe7 31. h3 Ba6 32. Nd2 Qa3 33. Kf2 Qa1 34. Kg2 Qb2 35. h4 Qc2 36. Kg3 Qd3 37. Qxd3 Bxd3 38. g5 h5 39. Kf4 Bc2 40. Ke3 Kf7 41. Kf3 Kg6 42. Kf4 Bd1 43. Kg3 Kf5 44. Kf2 Kg4 45. Ke1 Bc2 46. Kf2 Kxh4 47. Nf3+ Kg4 48. b4 axb4 49. Ne1 b3 0-1

[Event "Bad Wiessee Seniors op"]
[Site "Bad Wiessee"]
[Date "2012.04.28"]
[Round "8"]
[White "Wicklund Hansen, Richard"]
[Black "Lieber, Helmut"]
[Result "1/2-1/2"]
[WhiteElo "1764"]
[BlackElo "1758"]
[PlyCount "89"]
[EventDate "2012.04.21"]
[EventType "swiss"]
[EventRounds "9"]
[EventCountry "GER"]
[SourceTitle "EXT 2015"]
[Source "ChessBase"]
[SourceDate "2014.11.20"]
[SourceVersion "1"]
[SourceVersionDate "2014.11.20"]
[SourceQuality "1"]

1. e4 c5 2. d3 Nc6 3. Nf3 d6 4. g3 g6 5. Bg2 Bg7 6. 0-0 e6 7. Nbd2 Nge7 8. c3 0-0 9. Nc4 b5 10. Ne3 Rb8 11. d4 cxd4 12. cxd4 Bd7 13. d5 exd5 14. Nxd5 Be6 15. Nxe7+ Qxe7 16. Bg5 f6 17. Bf4 Rfd8 18. Qd2 Rbc8 19. Rfe1 g5 20. Be3 Ne5 21. Nxe5 dxe5 22. Qa5 Qb7 23. Red1 Rxd1+ 24. Rxd1 a6 25. Rd6 Rc6 26. Rd8+ Kf7 27. Bf3 g4 28. Bd1 Bf8 29. f4 gxf3 30. Bxf3 Qc7 31. Bh5+ Kg7 32. Qd2 Bc5 33. Bxc5 Rxc5 34. Qd6 Rc1+ 35. Kf2 Qc2+ 36. Be2 Qc5+ 37. Qxc5 Rxc5 38. Rd6 Bxa2 39. Rxa6 Bc4 40. b4 Rc7 41. Rb6 Kg6 42. h4 Kf7 43. Bxc4+ bxc4 44. Ke2 c3 45. Kd1 1/2-1/2

[Event "Bad Wiessee Seniors op"]
[Site "Bad Wiessee"]
[Date "2012.04.26"]
[Round "6"]
[White "Wicklund Hansen, Richard"]
[Black "Metzen, Hans Peter"]
[Result "0-1"]
[WhiteElo "1764"]
[BlackElo "1699"]
[PlyCount "94"]
[EventDate "2012.04.21"]
[EventType "swiss"]
[EventRounds "9"]
[EventCountry "GER"]
[SourceTitle "EXT 2015"]
[Source "ChessBase"]
[SourceDate "2014.11.20"]
[SourceVersion "1"]
[SourceVersionDate "2014.11.20"]
[SourceQuality "1"]

1. e4 e6 2. d3 c5 3. Nf3 d5 4. Nbd2 Nc6 5. g3 Nf6 6. Bg2 g6 7. 0-0 Bg7 8. exd5 Nxd5 9. Nb3 b6 10. d4 c4 11. Nbd2 Ba6 12. c3 b5 13. Ne4 0-0 14. Re1 Rb8 15. Nc5 Bc8 16. Qc2 Re8 17. h4 Qd6 18. h5 e5 19. hxg6 hxg6 20. Nh4 Bg4 21. Ne4 Qd7 22. dxe5 Nxe5 23. Be3 Nxe3 24. Rxe3 Rbd8 25. f3 Bf5 26. a4 a6 27. axb5 axb5 28. Nxf5 Qxf5 29. Rae1 Kf8 30. Qe2 g5 31. Nf2 Qc8 32. Bh3 Qc6 33. Bf5 Nxf3+ 34. Kf1 Rxe3 35. Qxe3 Nxe1 36. Qxe1 Qf3 37. g4 Re8 38. Qd2 Bf6 39. Bd7 Re5 40. Bf5 Kg7 41. Qc2 Be7 42. Be4 Qf4 43. Kg2 Bc5 44. Bf5 Qxf2+ 45. Qxf2 Bxf2 46. Kxf2 Rxf5+ 47. gxf5 Kf6 0-1

[Event "Bad Wiessee Seniors op"]
[Site "Bad Wiessee"]
[Date "2012.04.24"]
[Round "4"]
[White "Wicklund Hansen, Richard"]
[Black "Nordby, Berndt"]
[Result "0-1"]
[WhiteElo "1764"]
[BlackElo "2009"]
[PlyCount "68"]
[EventDate "2012.04.21"]
[EventType "swiss"]
[EventRounds "9"]
[EventCountry "GER"]
[SourceTitle "EXT 2015"]
[Source "ChessBase"]
[SourceDate "2014.11.20"]
[SourceVersion "1"]
[SourceVersionDate "2014.11.20"]
[SourceQuality "1"]

1. e4 e6 2. d3 d5 3. Nd2 c5 4. g3 Nc6 5. Bg2 g6 6. c3 Bg7 7. Ngf3 Nge7 8. 0-0 b6 9. exd5 Nxd5 10. Re1 0-0 11. Nc4 Qc7 12. Ne3 Nde7 13. Nc4 Nd5 14. Ne3 Nxe3 15. Bxe3 Bb7 16. Qc2 Rac8 17. Rac1 Qd7 18. Qd2 Rfd8 19. Red1 Ba6 20. Ne1 Ne5 21. c4 Bb7 22. b3 Bxg2 23. Kxg2 Qb7+ 24. Kf1 Qh1+ 25. Ke2 Qxh2 26. Kf1 Qh1+ 27. Ke2 Qh5+ 28. Kf1 Rd7 29. Bf4 Nc6 30. Nc2 Rcd8 31. Kg2 e5 32. Rh1 Qf5 33. Bh6 Rxd3 34. Qe1 Qf3+ 0-1

[Event "Bad Wiessee Seniors op"]
[Site "Bad Wiessee"]
[Date "2012.04.21"]
[Round "1"]
[White "Koller, Hubert"]
[Black "Wicklund Hansen, Richard"]
[Result "1-0"]
[WhiteElo "2109"]
[BlackElo "1764"]
[PlyCount "69"]
[EventDate "2012.04.21"]
[EventType "swiss"]
[EventRounds "9"]
[EventCountry "GER"]
[SourceTitle "EXT 2015"]
[Source "ChessBase"]
[SourceDate "2014.11.20"]
[SourceVersion "1"]
[SourceVersionDate "2014.11.20"]
[SourceQuality "1"]

1. d4 d5 2. c4 Bf5 3. Nc3 Nf6 4. cxd5 Nxd5 5. Qb3 Nb6 6. e4 Bg6 7. Nf3 e6 8. Bf4 c6 9. Rd1 Bd6 10. Ne5 Qc7 11. h4 Bh5 12. f3 Bxe5 13. Bxe5 Qe7 14. Bxb8 Rxb8 15. g4 Qf6 16. Ne2 0-0 17. gxh5 Rbd8 18. Qe3 h6 19. Qf4 Qe7 20. Rg1 f5 21. e5 Kh8 22. Nc3 Rd7 23. a3 Rfd8 24. Rg2 c5 25. Rgd2 a6 26. a4 Nd5 27. Nxd5 Rxd5 28. Bc4 Rxd4 29. Rxd4 cxd4 30. Rxd4 Rc8 31. Rd6 Qc7 32. Bxe6 Qa5+ 33. b4 Rc1+ 34. Qxc1 Qxe5+ 35. Kf1 1-0

[Event "MVP-ch Seniors op 11th"]
[Site "Binz"]
[Date "2011.12.08"]
[Round "9.59"]
[White "Pfueller, Volker"]
[Black "Wicklund Hansen, Richard"]
[Result "1-0"]
[WhiteElo "1533"]
[BlackElo "1893"]
[PlyCount "46"]
[EventDate "2011.11.30"]
[EventType "swiss"]
[EventRounds "9"]
[EventCountry "GER"]
[SourceTitle "EXT 2013"]
[Source "ChessBase"]
[SourceDate "2012.11.22"]
[SourceVersion "1"]
[SourceVersionDate "2012.11.22"]
[SourceQuality "1"]

1. b4 e5 2. Bb2 d6 3. c4 Be6 4. e3 Nd7 5. Nf3 Ngf6 6. Be2 g6 7. Ng5 Bf5 8. Nf3 Bg7 9. 0-0 a5 10. b5 0-0 11. d3 e4 12. Nd4 exd3 13. Bxd3 Bxd3 14. Qxd3 Nc5 15. Qc2 Re8 16. a4 Ng4 17. h3 Ne5 18. Rd1 Qe7 19. Nc3 c6 20. Qe2 f5 21. f4 Nf7 22. Re1 Qxe3+ 23. Qxe3 Bxd4 1-0